Evaluation of predication methods for large diameter bored piles under axial loads statistical and neural networks approach / (رقم التسجيلة. 67978)

تفاصيل مارك
000 -LEADER
fixed length control field 013990000a22003130004500
003 - CONTROL NUMBER IDENTIFIER
control field EG-GICUC
005 - DATE AND TIME OF LATEST TRANSACTION
control field 20250223032100.0
008 - FIXED-LENGTH DATA ELEMENTS--GENERAL INFORMATION
fixed length control field 070310s2003 ua d f m 000 0 eng d
040 ## - CATALOGING SOURCE
Original cataloging agency EG-GICUC
Language of cataloging eng
Transcribing agency EG-GICUC
041 0# - LANGUAGE CODE
Language code of text/sound track or separate title Eng
049 ## - LOCAL HOLDINGS (OCLC)
Holding library Deposite
097 ## - Thesis Degree
Thesis Level M.Sc
099 ## - LOCAL FREE-TEXT CALL NUMBER (OCLC)
Classification number Cai01.13.05.M.Sc.2003.Ya.E
100 0# - MAIN ENTRY--PERSONAL NAME
Personal name Yasser Mohamed Fouad Salama Hamza
245 10 - TITLE STATEMENT
Title Evaluation of predication methods for large diameter bored piles under axial loads statistical and neural networks approach /
Statement of responsibility, etc. Yasser Mohamed Fouad Salama Hamza ; Supervised Ahmed Amr Darrag , Mostafa Abukiefa
246 15 - VARYING FORM OF TITLE
Title proper/short title تقييم طرق التنبؤ لخوازيق التثقيب ذات القطر الكبير تحت الاحمال المحورية باستخدام الطرق الاحصائية والشبكات العصبية فى الاستنتاج
260 ## - PUBLICATION, DISTRIBUTION, ETC.
Place of publication, distribution, etc. Cairo :
Name of publisher, distributor, etc. Yasser Mohamed Fouad Salama Hamza ,
Date of publication, distribution, etc. 2003
300 ## - PHYSICAL DESCRIPTION
Extent 180P :
Other physical details charts ;
Dimensions 30cm
502 ## - DISSERTATION NOTE
Dissertation note Thesis (M.Sc.) - Cairo University - Faculty Of Engineering - Department Of Civil Engineering
530 ## - ADDITIONAL PHYSICAL FORM AVAILABLE NOTE
Additional physical form available note Issued also as CD
653 #4 - INDEX TERM--UNCONTROLLED
Uncontrolled term large diameter bored piles
653 #4 - INDEX TERM--UNCONTROLLED
Uncontrolled term neural networks approach
700 0# - ADDED ENTRY--PERSONAL NAME
Personal name Ahmed Amr Darrag ,
Relator term
700 0# - ADDED ENTRY--PERSONAL NAME
Personal name Mostafa Abukiefa ,
Relator term
856 ## - ELECTRONIC LOCATION AND ACCESS
Uniform Resource Identifier <a href="http://172.23.153.220/th.pdf">http://172.23.153.220/th.pdf</a>
905 ## - LOCAL DATA ELEMENT E, LDE (RLIN)
Cataloger Amira
Reviser Cataloger
905 ## - LOCAL DATA ELEMENT E, LDE (RLIN)
Cataloger Esam
Reviser Revisor
942 ## - ADDED ENTRY ELEMENTS (KOHA)
Source of classification or shelving scheme Dewey Decimal Classification
Koha item type Thesis
المقتنيات
Source of classification or shelving scheme Not for loan Home library Current library Date acquired Full call number Barcode Date last seen Koha item type
Dewey Decimal Classification   المكتبة المركزبة الجديدة - جامعة القاهرة قاعة الرسائل الجامعية - الدور الاول 11.02.2024 Cai01.13.05.M.Sc.2003.Ya.E 01010110040502000 22.09.2023 Thesis
Dewey Decimal Classification   المكتبة المركزبة الجديدة - جامعة القاهرة مخـــزن الرســائل الجـــامعية - البدروم 11.02.2024 Cai01.13.05.M.Sc.2003.Ya.E 01020110040502000 22.09.2023 CD - Rom
Cairo University Libraries Portal Implemented & Customized by: Eng. M. Mohamady Contacts: new-lib@cl.cu.edu.eg | cnul@cl.cu.edu.eg
CUCL logo CNUL logo
© All rights reserved — Cairo University Libraries
CUCL logo
Implemented & Customized by: Eng. M. Mohamady Contact: new-lib@cl.cu.edu.eg © All rights reserved — New Central Library
CNUL logo
Implemented & Customized by: Eng. M. Mohamady Contact: cnul@cl.cu.edu.eg © All rights reserved — Cairo National University Library